000 00390nam a2200157Ia 4500
008 230711s9999||||xx |||||||||||||| ||und||
041 _aENG
082 _bUR-O
100 _aUrman,Scott
245 0 _aOracle 9i Pl/Sql programming
250 _a1st . Ed.
260 _c2006
_aNew Delhi
_bTata McGraw Hill Education Limited
300 _a631
650 _aComputer Engineering
942 _cBK
999 _c4584
_d4584